Statistics for Countries with the most Islands larger than 1,000 km²

Click here to take the quiz!

General Stats

  • This quiz has been taken 42 times
  • The average score is 12 of 16

Answer Stats

Rank. Larg.AmountCountry% Correct
249Indonesia
97%
7522United States
97%
1513Philippines
95%
549Canada
92%
2329Russia
92%
98United Kingdom
89%
75Japan
87%
366Norway
79%
269Australia
76%
112Denmark
74%
2915Chile
71%
357Brazil
66%
537France
63%
28Papua New Guinea
58%
1106Solomon Islands
29%
1555Bahamas
21%

Score Distribution

Percentile by Number Answered

Percent of People with Each Score

Your Score History

You have not taken this quiz